| 000 | 00756nam a22002177a 4500 | ||
|---|---|---|---|
| 003 | NALT | ||
| 005 | 20220719110550.0 | ||
| 008 | s2531 th f tha d | ||
| 040 | _aNALT | ||
| 041 | _atha | ||
| 090 |
_aFIC _bร187ห 2531 |
||
| 100 | 1 |
_aรอบบินส์, แดนีซ _914676 |
|
| 245 | 1 | 0 |
_aหัวใจหลงทาง / _cแดนีซ รอบบินส์ ; บุษบามินตรา, แปล. |
| 260 |
_aกรุงเทพฯ : _bศิลปาบรรณาคาร, _c2531. |
||
| 300 |
_a351 หน้า ; _b _c18 ซม. |
||
| 650 | 4 |
_aนวนิยาย _93785 |
|
| 700 | 0 |
_aบุษบามินตรา _96891 |
|
| 850 | _aNALT | ||
| 942 |
_cFIC _2local |
||
| 998 |
_bpotjapin _j111 _k นางสาวพจพิณ พรมเอี่ยม |
||
| 999 |
_c10182 _d10182 |
||